Little Walrus warning / (Record no. 600)

MARC details
000 -LEADER
fixed length control field 01154nam a22003137a 4500
005 - DATE AND TIME OF LATEST TRANSACTION
control field 20260317113602.0
020 ## - INTERNATIONAL STANDARD BOOK NUMBER
International Standard Book Number 1568992718 (hardcover)
020 ## - INTERNATIONAL STANDARD BOOK NUMBER
International Standard Book Number 1568992726 (mini hardcover)
040 ## - CATALOGING SOURCE
Original cataloging agency DLC
Transcribing agency DLC
Modifying agency DLC
-- WaU
Language of cataloging eng
050 00 - LIBRARY OF CONGRESS CALL NUMBER
Classification number PZ10.3.Y857
Item number Li 1996
082 00 - DEWEY DECIMAL CLASSIFICATION NUMBER
Classification number [E]
Edition number 20
100 1# - MAIN ENTRY--PERSONAL NAME
Personal name Young, Carol,
Dates associated with a name 1945-
245 10 - TITLE STATEMENT
Title Little Walrus warning /
Statement of responsibility, etc. by Carol Young ; illustrated by Walter Stuart.
250 ## - EDITION STATEMENT
Edition statement 1st ed.
260 ## - PUBLICATION, DISTRIBUTION, ETC.
Place of publication, distribution, etc. Norwalk, Conn. :
Name of publisher, distributor, etc. Soundprints,
Date of publication, distribution, etc. 1996.
300 ## - PHYSICAL DESCRIPTION
Extent 31 pages :
Other physical details color illustrations ;
Dimensions 12 x 15 cm.
500 ## - GENERAL NOTE
General note Smithsonian Oceanic Collection.
505 ## - FORMATTED CONTENTS NOTE
Formatted contents note O<br/><br/><br/><br/><br/><br/>
520 ## - SUMMARY, ETC.
Summary, etc. In Alaska a walrus calf and his mother make their last trip together to the summer feeding grounds in the Chuckchi Sea before he is ready to leave the nursery herd and take his place with the bulls.
521 ## - TARGET AUDIENCE NOTE
Target audience note 840 <br/>
Source Lexile <br/>
521 ## - TARGET AUDIENCE NOTE
Target audience note O
Source Raz-Plus <br/>
650 #0 - SUBJECT ADDED ENTRY--TOPICAL TERM
Topical term or geographic name entry element Walrus
Form subdivision Juvenile fiction.
650 #1 - SUBJECT ADDED ENTRY--TOPICAL TERM
Topical term or geographic name entry element Walruses
Form subdivision Fiction.
650 #1 - SUBJECT ADDED ENTRY--TOPICAL TERM
Topical term or geographic name entry element Pinnipeds
Form subdivision Fiction.
700 1# - ADDED ENTRY--PERSONAL NAME
Personal name Stuart, Walter,
Dates associated with a name 1955-
Relator term illustrator.
906 ## - LOCAL DATA ELEMENT F, LDF (RLIN)
a 7
b cbc
c orignew
d 1
e ocip
f 19
g y-gencatlg
942 ## - ADDED ENTRY ELEMENTS (KOHA)
Source of classification or shelving scheme Dewey Decimal Classification
Koha item type Books
Suppress in OPAC No
999 ## -
-- 600
-- 600
Holdings
Withdrawn status Lost status Source of classification or shelving scheme Damaged status Not for loan Collection Home library Current library Shelving location Date acquired Total Checkouts Full call number Barcode Date last seen Copy number Price effective from Koha item type
    Dewey Decimal Classification     Fiction Footprints International School Library Network Toul Kork Campus Footprints International School Library Network Toul Kork Campus A TK Campus, 4th Floor, Room B401, Fiction Bookcases (1-6) 06/26/2023   YOU PZ10.Y857 FISTK00972 06/26/2023 1 06/26/2023 Books
    Dewey Decimal Classification     Fiction Footprints International School Library Network Toul Tom Poung Campus Footprints International School Library Network Toul Tom Poung Campus TTP Secondary Fiction Bookshelves 03/17/2026   YOU PZ10.Y857 FIS03255 03/17/2026 2 03/17/2026 Books